Регионална библиотека "Любен Каравелов" - Русе

Знаци на прехода (Запис номер 187004)

MARC детайли
000 -Лидер
Контролно поле с фиксирана дължина 01913nam a2200421 c 4500
003 - Код на организацията, давaща контролен номер
Контролно поле BLK
005 - Дата и час на последна редакция
Контролно поле 20240229004023.0
008 - Елементи от данни с фиксирана дължина
fixed length control field 180411b bul|||||r ||||||| ||bul||
010 ## - Наследен системен номер
LC control number KNG00196008000
020 ## - Международен стандартен номер на книга ISBN
Международен стандартен номер на книга ISBN 978-954-09-1075-8
-- издат.: Захарий Стоянов
040 ## - Източник на каталожния запис
Идентификатор на билиотеката - собственик на записа BLK
041 ## - Код за език
Код за езика на текст/звукозапис или на отделно заглавие Български
Код за езика КДБФ Български
072 #7 - Код за тематичната категория
Код организация bullib
Код за тематична категория Н82
Текст Литературознание Н
080 ## - УДК
Текстов определител УДК Българска литература
УДК код - определител по УДК 821.163.2
УДК определител (092)(047.53)
УДК - код + определител 821.163.2(092)(047.53)
080 ## - УДК
Текстов определител УДК Българска литература
УДК код - определител по УДК 821.163.2
УДК определител -92
УДК - код + определител 821.163.2-92
080 ## - УДК
Текстов определител УДК Биографии
УДК код - определител по УДК 929
УДК определител (497.2)
УДК - код + определител 929(497.2)
100 1# - Редна дума - Автор
Автор Гранитски, Иван
Пълна форма на името Димитров, Иван Йорданов
Дати, свързани с автора 1953-
Автор - информация (биография) Журналист, литературен критик, теоретик и историк, поет, публицист и издател.
Авторска отговорност първи автор
R(LIN) 55767
139 ## - Редно поле
Редна дума Гранитски, Иван
Авторски знак Гран - Г 77
245 10 - Сведения за заглавието
Заглавие Знаци на прехода
Редно поле (дума) Иван Гранитски; * Иван Йорданов Димитров.
257 ## - Страна на издаване
Страна на създаване/издаване България
260 ## - Област на издателските данни
-- София
Име на издателя, разпространителя и проч. Захарий Стоянов
Година на издаване 2016
Печатница София : Мултипринт
300 ## - Физическа характеристика
Страници 318 с.
Илюстрации и др. с ил., портр.
Размери/Мащаб 24 см
380 ## - Жанр
Жанр Литературознание
500 ## - Общи забележки
Забележка Иван Гранитски - псевд. на Иван Йорданов Димитров
650 #4 - Допълнително описание по предмет – тема
Основно описание – тема или топоним Прочути личности, български
9 (RLIN) 261431
653 ## - Ключова дума – ненормативна
Ключова дума българи
653 ## - Ключова дума – ненормативна
Ключова дума прочути личности
653 ## - Ключова дума – ненормативна
Ключова дума статии
653 ## - Ключова дума – ненормативна
Ключова дума интервюта
659 ## - Тематичен бюлетин
Тематичен бюлетин Н
700 1# - Други автори (авторска отговорност)
Лично име Димитров, Иван Йорданов
Автороска отговорност (Описва отношението между автора и произведението) *
9 (RLIN) 367043
852 ## - Местоположение
Форматна сигнатура Цб 283109
856 4# - Електронен адрес и достъп
Електронен формат pdf - файл
Път до файла /url/
856 4# - Електронен адрес и достъп
Електронен формат pdf - файл
Път до файла /url/
942 ## - АРТИКУЛИ
Вид на библиотечния материал Книги
Скрит в OPAC Не
944 ## - СЪЗДАВАНЕ И РЕДАКЦИЯ на ЗАПИСА
Създаване/Редакция Създаване
Дата на регистрацията/редакция 15.11.2016
Служител, извършил регистрацията/редакцията
Статус, дата на статуса CRON CRON
944 ## - СЪЗДАВАНЕ И РЕДАКЦИЯ на ЗАПИСА
Създаване/Редакция Редакция
Дата на регистрацията/редакция 11.09.2017
Служител, извършил регистрацията/редакцията Людмила_Стоянова
999 ## - СИСТЕМНИ КОНТРОЛНИ НОМЕРА
Koha biblionumber 187004
Koha biblioitemnumber 187004
Наличности
Код за отписване Код за изгубен артикул Код за повреда Коз за рестрикции Код за отдаване Артикулен № Име на библиотеката - собственик Име на библиотеката, в която се намира в момента Статус (Текущо местоположение) Дата на вписване в системата Местоположение - отдел Цена в лева Инвентарен номер Систематично азбучна сигнатура Баркод Номер на екземпляра Цена в евро Служебна бележка Служебен тип на артикула Източник на класификационната схема
  Не е изгубен Не е повреден без рестрикции ползва се в читалня 326166 Регионална библиотека "Любен Каравелов" Русе Регионална библиотека "Любен Каравелов" Русе Хранилище 2016-11-15 Хранилище 15.00 120000805713 Цб 283109 120000805713 1 7.67 Дост: Dp Вид: Д N: 42 Дата: 21.09.2016 Книги  
  Не е изгубен Не е повреден без рестрикции заемане за дома 326167 Регионална библиотека "Любен Каравелов" Русе Регионална библиотека "Любен Каравелов" Русе Заемна - подръчен фонд 2016-11-24 Заемна - подръчен фонд 10.50 120000806022 П 821.163.2.09(092)/Г 77 120000806022 2 5.37 Дост: Pk Вид: Ф N: 2700 Дата: 16.11.2016 Дата инв: 07.02.2018 Бележки инв: П2018 Книги Universal Decimal Classification
  Не е изгубен Не е повреден без рестрикции заемане за дома 326168 Регионална библиотека "Любен Каравелов" Русе Регионална библиотека "Любен Каравелов" Русе Заемна - подръчен фонд 2017-08-19 Заемна - подръчен фонд 10.50 120000814278 П 821.163.2.09(092)/Г 77 120000814278 3 5.37 Дост: Pk Вид: Ф N: 2773 Дата: 08.08.2017 Дата инв: 07.02.2018 Бележки инв: П2018 Книги Universal Decimal Classification
Vip Innovations Ltd, Rousse, Bulgaria 2025